| 000 | 01903cam a22003854a 4500 | ||
|---|---|---|---|
| 001 | 13173958 | ||
| 005 | 20080708082502.0 | ||
| 008 | 030423s2003 enk b 001 0 eng | ||
| 010 | _a 2003051552 | ||
| 020 | _a0521531837 | ||
| 020 | _a9780521531832 | ||
| 035 | _a(OCoLC)ocm52152973 | ||
| 035 | _a(OCoLC)52152973 | ||
| 040 |
_aDLC _cDLC _dJ2H _dC#P _dEL$ _dBAKER _dNLGGC _dYDXCP _dOCLCQ _dLVB _dUBA _dOCLCG _dDLC |
||
| 042 | _apcc | ||
| 050 | 0 | 0 |
_aKZ3275 _b.S53 2003 |
| 082 | 0 | 0 |
_a341 _222 _bSHA |
| 084 |
_a86.80 _2bcl |
||
| 100 | 1 |
_aShaw, Malcolm N. _q(Malcolm Nathan), _d1947- _920052 |
|
| 245 | 1 | 0 |
_aInternational Law / _cMalcolm N. Shaw. |
| 250 | _a5th ed. | ||
| 260 |
_aCambridge, U.K. ; _aNew York : _bCambridge University Press, _cc2003. |
||
| 300 |
_a1288 p. ; _c23 cm. |
||
| 504 | _aIncludes bibliographical references and index. | ||
| 650 | 0 |
_aInternational law. _920053 |
|
| 856 | 4 | 2 |
_3Publisher description _uhttp://www.loc.gov/catdir/description/cam032/2003051552.html |
| 856 | 4 | 1 |
_3Table of contents _uhttp://www.loc.gov/catdir/toc/cam032/2003051552.html |
| 856 | 4 | 1 |
_3Sample text _uhttp://www.loc.gov/catdir/samples/cam041/2003051552.html |
| 856 | 4 | 2 |
_3Contributor biographical information _uhttp://www.loc.gov/catdir/enhancements/fy0732/2003051552-b.html |
| 942 |
_2ddc _cBB |
||
| 999 |
_c10223 _d10223 |
||